000 00527nam a2200181Ia 4500
005 20250317123912.0
008 008 250317s9999 xx 000 0 eng d
037 _aTextbook
040 _aFMSL
_beng
_cFMSL
041 _aeng
_2eng
084 _aB28obX Q0
_qFMSL
100 _aWerster A L
_9741083
245 0 _aApplied statistics for business and economics
250 _a3
260 _aNew Delhi
_bNew Delhi, Tata McGraw Hill
_c2010
942 _cTB
_hB28obX Q0
999 _c1253208
_d1253208